000 02082nam a2200277Ia 4500
008 260220t2014||||xx |||||||||||||| ||spa||
020 _a9789873346736
040 _aPY-SlUNAC
_bspa
_erda
041 _aspa
082 _a633.2
_bP228i
100 _aParera, Anibal
_eAutor
245 0 _aÍndice de contribución a la conservación de pastizales naturales del Cono Sur :
_buna herramienta para incentivar a los productores rurales /
_cpor Anibal Parera [Autor]; Inés Paullier [Autor] y Federico Weyland [Autor]
264 _aBuenos Aires :
_bBanco Interamericano de Desarrollo,
_c℗2014.
300 _a1 volumen
520 _aEl libro de Aníbal Parera presenta el "Índice de contribución a la conservación de pastizales naturales del Cono Sur", una innovadora herramienta diseñada para incentivar a los productores rurales en la conservación de estos ecosistemas vitales. A través de un enfoque multidisciplinario, el autor analiza la biodiversidad, la sostenibilidad y el impacto socioeconómico de los pastizales en la región, destacando su importancia para la agricultura y la ganadería. El índice propuesto permite evaluar y clasificar prácticas de manejo que fomentan la conservación, proporcionando a los productores un marco claro para mejorar sus métodos agrícolas en armonía con la naturaleza. Además, el libro subraya la necesidad de políticas públicas efectivas que promuevan la colaboración entre el sector privado y las comunidades locales, garantizando así la preservación de estos recursos naturales. En conjunto, la obra se erige como una guía esencial para la gestión sostenible de pastizales en el Cono Sur, contribuyendo a la conservación ambiental y al desarrollo rural.
653 _aAgricultura sostenible
653 _aConservación de la naturaleza
653 _aPastizales
700 _aPaullier, Inés
_eAutor
700 _aWeyland, Federico
_eAutor
942 _b2026/02/17
_cBK
999 _c8643
_d8643